| 000 | 00508nam a2200181Ia 4500 | ||
|---|---|---|---|
| 003 | LK-CoDNM | ||
| 008 | 010623t1996 xxu||||| |||| 00| 1 sin d | ||
| 040 |
_aLK-CoDNM _dLK-CoDNM _eLK-CoDNM |
||
| 041 | _asin | ||
| 080 | _a(x)347.23 DLU | ||
| 100 | _aDaluwatte,Chandrasena | ||
| 245 | _aශ්රී ලංකාවේ නීති දේපල | ||
| 246 | _aLaws Of Sri Lanka Property | ||
| 260 |
_bS.Godage Saha Sahodarayo _aColombo _c1996 |
||
| 300 | _bp.218, 21 cm | ||
| 650 | _aLaw | ||
| 942 | _cBK | ||
| 999 |
_c117915 _d117915 |
||